Cenové posuny komoditných kontraktov

Špecifikácia komoditných kontraktov. Prehľad vybraných komodít a základných informácií o nich. Cenové posuny vybraných komoditných kontraktov. Cena kontraktov kukurice a zlata. Obchodovanie prostredníctvom tzv. páky.

Na minha lista:
Detalhes bibliográficos
Autor principal: Badura, Peter, 1978-
Formato: Capítulo de Livro
Idioma:eslovaco
Assuntos:
Tags: Adicionar Tag
Sem tags, seja o primeiro a adicionar uma tag!

MARC

LEADER 00000nla$a2200000$$$4500
001 0142160
005 20240502072540.1
041 0 |a slo 
044 |a SK 
245 1 0 |a Cenové posuny komoditných kontraktov  |c Peter Badura 
520 |a Špecifikácia komoditných kontraktov. Prehľad vybraných komodít a základných informácií o nich. Cenové posuny vybraných komoditných kontraktov. Cena kontraktov kukurice a zlata. Obchodovanie prostredníctvom tzv. páky. 
610 2 0 |a komodity 
610 2 0 |a obchod zahraničný 
610 2 0 |a ceny 
610 2 0 |a zlato 
610 2 0 |a kukurica 
610 2 0 |a trh 
610 2 0 |a kontrakty 
100 1 |a Badura, Peter, 1978-